Cargando...
സ്വപ്നസഞ്ചാരി /
| Autor Principal: | |
|---|---|
| Formato: | Printed Book |
| Idioma: | Malayalam |
| Publicado: |
ദേശമിത്രം,
1954.
|
| Subjects: |
| LEADER | 00665nam a2200169Ia 4500 | ||
|---|---|---|---|
| 008 | 111205s1954 ii 000 d mal d | ||
| 041 | |a mal | ||
| 082 | |a 852 | ||
| 100 | 1 | |a കുഞ്ഞിരാമൻ നായർ,പി |9 1579440 |d 1905-1978 | |
| 245 | |a സ്വപ്നസഞ്ചാരി / |c പി.കുഞ്ഞിരാമൻ നായർ | ||
| 246 | |a Swapna sanjari | ||
| 260 | |b ദേശമിത്രം, |c 1954. | ||
| 300 | |a 0 | ||
| 653 | |a Drama-Malayalam. | ||
| 942 | |c BK | ||
| 999 | |c 208099 |d 208099 | ||
| 952 | |0 0 |1 0 |2 ddc |4 0 |6 852_000000000000000_2K1_SWA |7 0 |9 230143 |a MAL |b MAL |c ST1 |d 2011-12-05 |g 0.00 |l 0 |o 852.2K1 SWA |p MAL6920 |r 2011-12-05 |v 0.00 |w 2011-12-05 |y BK | ||